000 00547nam a2200181Ia 4500
003 SGT
020 _a9788126140497
082 _a658.15
_bBHA
100 _aBhalla,V.K
245 _aInternational business enviroment and management
250 _a12th Ed.
260 _bAnmol Publication
_aNew Delhi
_c2009
300 _a920p.
650 _aFINANCIAL MANAGEMENT
653 _aINTERNATIONAL BUSINESS AN OVERVIEW, INTERNATIONAL BUSINESS THEORIES, WORLD TRADE ORGANISATION, INTERNATIONAL PRODUCTION
700 _aRamu,S.Shiva
942 _2ddc
_cBK
999 _c5645
_d5645